000 00673nam a22001937a 4500
005 20251108171833.0
008 250721s9999 xx 000 0 ara d
020 _a9770127582
082 1 4 _aط/372.215/خطي
100 1 _aالخطيب، رناد
245 1 0 _aنظام رياض الأطفال في الأردن :
_bدراسة نظرية و ميدانية /
264 1 _aالقاهرة :
_bالهيئة المصرية العامة،
_c[19-].
300 _a145ص.
490 0 _aسلسلة دراسات في تربية طفل ما قبل المدرسة
_v4
650 1 7 _aرعاية الطفولة
650 1 7 _aالأطفال
942 _2ddc
_cBK
999 _c63914
_d63914